Čo sa od nás očakáva

Ekonomický a politický prínos rozšírenia Európskej únie. Pravda a predsudky o únii. Časový harmonogram referend v SVE.

Guardado en:
Detalles Bibliográficos
Autor principal: Stano, Peter
Otros Autores: Košča, Ján
Formato: Capítulo de libro
Lenguaje:eslovaco
Materias:
Etiquetas: Agregar Etiqueta
Sin Etiquetas, Sea el primero en etiquetar este registro!

MARC

LEADER 00000naa a2200000 4500
001 r049521
005 20230920090630.7
041 0 |a slo 
044 |a SK 
245 1 0 |a Čo sa od nás očakáva  |c Peter Stano, Ján Košča 
520 |a Ekonomický a politický prínos rozšírenia Európskej únie. Pravda a predsudky o únii. Časový harmonogram referend v SVE. 
610 2 0 |a spolupráca hospodárska medzinárodná 
610 2 0 |a Európska únia 
610 2 0 |a Slovensko 
610 2 0 |a SVE 
610 2 0 |a prosperita ekonomická 
610 2 0 |a bezpečnosť ekonomická 
610 2 0 |a stabilita hospodárstva 
100 1 |a Stano, Peter 
700 1 |a Košča, Ján